| 000 | 00483nam a2200169Ia 4500 | ||
|---|---|---|---|
| 008 | 230917s9999||||xx |||||||||||||| ||und|| | ||
| 020 | _cRS895 | ||
| 040 |
_e236178 _aMAIN |
||
| 041 | _aEnglish | ||
| 082 | _a320.50954 P215D | ||
| 100 | _aParekh, Bhikhu | ||
| 245 | 0 | _aDebating India: Essays on India political discourse | |
| 260 |
_aNew Delhi _bOxford University Press _c2015 |
||
| 300 | _axi, 374 p. | ||
| 500 | _a2481 01/12/2016 HBD17/6835 23/02/2017 Main Budget | ||
| 942 | _cBK | ||
| 999 |
_c20023 _d20023 |
||